000 00303pam a2200121a 44500
008 230405s2004 xxu||||| |||| 00| 0 eng d
041 _aENG
100 _aAroroa D R
245 _aTextbook of Microbology
260 _anew delhi
_bC.B.S Publishers & Distributers
_c2004
300 _a686
906 _a8781
999 _c299280
_d299280